| 000 | 00472cam a2200181ua 4500 | ||
|---|---|---|---|
| 001 | 5766 | ||
| 008 | 131023n ii |||gr||||Z||||||eng | ||
| 020 | _a0-89581-257-6 | ||
| 040 | _cMAIN | ||
| 082 | _a934 | ||
| 100 |
_aTripathi,Rama Shankar, _eAuthor. |
||
| 245 |
_aHistory of Ancient India _cby Rama Shankar Tripathi |
||
| 260 |
_aDelhi: _bMotilal Banarsidas, _c1985. |
||
| 300 | _axi,563p. | ||
| 653 | _aIndia to 647 | ||
| 653 | _aHistory Of Ancient India | ||
| 942 | _cBK | ||
| 999 |
_c4924 _d4924 |
||